Top XIs: Inter Milan (1963-2023) - Statistics

General Stats
  • This quiz has been taken 1,634 times
  • The average score is 206 of 500
Answer Stats
Hint Position Answer % Correct
1995/1996 DF Javier Zanetti
90%
1996/1997 DF Javier Zanetti
90%
1997/1998 DF Javier Zanetti
90%
1998/1999 DF Javier Zanetti
90%
1999/2000 DF Javier Zanetti
90%
2000/2001 DF Javier Zanetti
90%
2001/2002 DF Javier Zanetti
90%
2002/2003 DF Javier Zanetti
90%
2003/2004 DF Javier Zanetti
90%
2004/2005 DF Javier Zanetti
90%
2005/2006 DF Javier Zanetti
90%
2006/2007 DF Javier Zanetti
90%
2007/2008 MF Javier Zanetti
90%
2008/2009 MF Javier Zanetti
90%
2009/2010 DF Javier Zanetti
90%
2010/2011 MF Javier Zanetti
90%
2011/2012 MF Javier Zanetti
90%
2012/2013 MF Javier Zanetti
90%
2019/2020 ST Lautaro Martínez
89%
2020/2021 ST Lautaro Martínez
89%
2021/2022 ST Lautaro Martínez
89%
2022/2023 ST Lautaro Martínez
89%
2019/2020 ST Romelu Lukaku
87%
2020/2021 ST Romelu Lukaku
87%
2022/2023 ST Romelu Lukaku
87%
2006/2007 ST Zlatan Ibrahimović
84%
2007/2008 ST Zlatan Ibrahimović
84%
2008/2009 ST Zlatan Ibrahimović
84%
2009/2010 ST Diego Milito
82%
2011/2012 ST Diego Milito
82%
2019/2020 MF Nicolò Barella
81%
2020/2021 MF Nicolò Barella
81%
2021/2022 MF Nicolò Barella
81%
2022/2023 MF Nicolò Barella
81%
2009/2010 ST Samuel Eto'o
79%
2010/2011 ST Samuel Eto'o
79%
2004/2005 MF Esteban Cambiasso
76%
2005/2006 MF Esteban Cambiasso
76%
2007/2008 MF Esteban Cambiasso
76%
2008/2009 MF Esteban Cambiasso
76%
2009/2010 MF Esteban Cambiasso
76%
2010/2011 MF Esteban Cambiasso
76%
2011/2012 MF Esteban Cambiasso
76%
2012/2013 MF Esteban Cambiasso
76%
2013/2014 MF Esteban Cambiasso
76%
1997/1998 ST Ronaldo
75%
2009/2010 MF Wesley Sneijder
75%
2010/2011 MF Wesley Sneijder
75%
2011/2012 MF Wesley Sneijder
75%
2009/2010 DF Lúcio
74%
2010/2011 DF Lúcio
74%
2011/2012 DF Lúcio
74%
2006/2007 DF Maicon
74%
2007/2008 DF Maicon
74%
2008/2009 DF Maicon
74%
2009/2010 DF Maicon
74%
2010/2011 DF Maicon
74%
2011/2012 DF Maicon
74%
2018/2019 DF Stefan de Vrij
74%
2019/2020 DF Stefan de Vrij
74%
2020/2021 DF Stefan de Vrij
74%
2021/2022 DF Stefan de Vrij
74%
2022/2023 DF Stefan de Vrij
74%
2005/2006 DF Wálter Samuel
73%
2009/2010 DF Wálter Samuel
73%
2011/2012 DF Wálter Samuel
73%
2020/2021 DF Alessandro Bastoni
72%
2021/2022 DF Alessandro Bastoni
72%
2022/2023 DF Alessandro Bastoni
72%
2014/2015 ST Mauro Icardi
72%
2015/2016 ST Mauro Icardi
72%
2016/2017 ST Mauro Icardi
72%
2017/2018 ST Mauro Icardi
72%
2018/2019 ST Mauro Icardi
72%
2015/2016 MF Marcelo Brozović
71%
2018/2019 MF Marcelo Brozović
71%
2019/2020 MF Marcelo Brozović
71%
2020/2021 MF Marcelo Brozović
71%
2021/2022 MF Marcelo Brozović
71%
2022/2023 MF Marcelo Brozović
71%
2021/2022 MF Hakan Çalhanoğlu
70%
2022/2023 MF Hakan Çalhanoğlu
70%
2001/2002 DF Marco Materazzi
70%
2002/2003 DF Marco Materazzi
70%
2004/2005 DF Marco Materazzi
70%
2017/2018 DF Milan Škriniar
70%
2018/2019 DF Milan Škriniar
70%
2019/2020 DF Milan Škriniar
70%
2020/2021 DF Milan Škriniar
70%
2021/2022 DF Milan Škriniar
70%
2022/2023 DF Milan Škriniar
70%
2021/2022 ST Edin Džeko
69%
2004/2005 MF Dejan Stanković
67%
2006/2007 MF Dejan Stanković
67%
2007/2008 MF Dejan Stanković
67%
2008/2009 MF Dejan Stanković
67%
2009/2010 MF Dejan Stanković
67%
2010/2011 MF Dejan Stanković
67%
2015/2016 MF Ivan Perišić
67%
2016/2017 MF Ivan Perišić
67%
2017/2018 MF Ivan Perišić
67%
2018/2019 MF Ivan Perišić
67%
2021/2022 MF Ivan Perišić
67%
2022/2023 DF Denzel Dumfries
65%
2021/2022 DF Denzel Dumfries
65%
2000/2001 ST Christian Vieri
64%
2001/2002 ST Christian Vieri
64%
2002/2003 ST Christian Vieri
64%
2003/2004 ST Christian Vieri
64%
2004/2005 ST Adriano
61%
2005/2006 ST Adriano
61%
2007/2008 DF Cristian Chivu
61%
2010/2011 DF Cristian Chivu
61%
2010/2011 ST Goran Pandev
61%
2002/2003 ST Hernán Crespo
58%
2006/2007 ST Hernán Crespo
58%
1988/1989 MF Lothar Matthäus
57%
1989/1990 MF Lothar Matthäus
57%
1990/1991 MF Lothar Matthäus
57%
1991/1992 MF Lothar Matthäus
57%
2008/2009 ST Mario Balotelli
57%
2020/2021 DF Achraf Hakimi
56%
2000/2001 DF Iván Córdoba
56%
2001/2002 DF Iván Córdoba
56%
2002/2003 DF Iván Córdoba
56%
2003/2004 DF Iván Córdoba
56%
2004/2005 DF Iván Córdoba
56%
2005/2006 DF Iván Córdoba
56%
2006/2007 DF Iván Córdoba
56%
2008/2009 DF Iván Córdoba
56%
2005/2006 MF Luís Figo
56%
2006/2007 MF Luís Figo
56%
1981/1982 DF Giuseppe Bergomi
55%
1982/1983 DF Giuseppe Bergomi
55%
1983/1984 DF Giuseppe Bergomi
55%
1984/1985 DF Giuseppe Bergomi
55%
1985/1986 DF Giuseppe Bergomi
55%
1986/1987 DF Giuseppe Bergomi
55%
1987/1988 DF Giuseppe Bergomi
55%
1988/1989 DF Giuseppe Bergomi
55%
1989/1990 DF Giuseppe Bergomi
55%
1990/1991 DF Giuseppe Bergomi
55%
1991/1992 DF Giuseppe Bergomi
55%
1992/1993 DF Giuseppe Bergomi
55%
1993/1994 DF Giuseppe Bergomi
55%
1994/1995 DF Giuseppe Bergomi
55%
1997/1998 DF Giuseppe Bergomi
55%
2006/2007 MF Patrick Vieira
54%
2007/2008 MF Patrick Vieira
54%
1998/1999 ST Roberto Baggio
53%
2009/2010 MF Thiago Motta
53%
2010/2011 MF Thiago Motta
53%
2019/2020 DF Diego Godín
52%
2002/2003 DF Fabio Cannavaro
52%
2003/2004 DF Fabio Cannavaro
52%
2022/2023 MF Henrikh Mkhitaryan
52%
1999/2000 MF Clarence Seedorf
51%
2001/2002 MF Clarence Seedorf
51%
2019/2020 DF Ashley Young
51%
2013/2014 MF Mateo Kovačić
51%
2014/2015 MF Mateo Kovačić
51%
2012/2013 ST Rodrigo Palacio
51%
2013/2014 ST Rodrigo Palacio
51%
2014/2015 ST Rodrigo Palacio
51%
2014/2015 DF Danilo D'Ambrosio
50%
2016/2017 DF Danilo D'Ambrosio
50%
2017/2018 DF Danilo D'Ambrosio
50%
2018/2019 DF Danilo D'Ambrosio
50%
2015/2016 DF Miranda
50%
2016/2017 DF Miranda
50%
2017/2018 DF Miranda
50%
2017/2018 MF Roberto Gagliardini
50%
2019/2020 MF Roberto Gagliardini
50%
1973/1974 ST Sandro Mazzola
50%
1975/1976 ST Sandro Mazzola
50%
1976/1977 ST Sandro Mazzola
50%
2012/2013 DF Andrea Ranocchia
49%
2013/2014 DF Andrea Ranocchia
49%
2014/2015 DF Andrea Ranocchia
49%
1973/1974 DF Giacinto Facchetti
49%
1976/1977 DF Giacinto Facchetti
49%
2016/2017 MF Antonio Candreva
48%
2017/2018 MF Antonio Candreva
48%
2019/2020 MF Antonio Candreva
48%
2011/2012 DF Yuto Nagatomo
48%
2012/2013 DF Yuto Nagatomo
48%
2013/2014 DF Yuto Nagatomo
48%
1999/2000 ST Álvaro Recoba
46%
2000/2001 ST Álvaro Recoba
46%
2002/2003 ST Álvaro Recoba
46%
2020/2021 MF Arturo Vidal
46%
1989/1990 ST Jürgen Klinsmann
46%
1990/1991 ST Jürgen Klinsmann
46%
1991/1992 ST Jürgen Klinsmann
46%
1988/1989 DF Andreas Brehme
45%
1989/1990 DF Andreas Brehme
45%
1990/1991 DF Andreas Brehme
45%
1991/1992 DF Andreas Brehme
45%
1996/1997 ST Iván Zamorano
45%
1998/1999 ST Iván Zamorano
45%
1999/2000 ST Iván Zamorano
45%
2003/2004 ST Julio Ricardo Cruz
45%
2007/2008 ST Julio Ricardo Cruz
45%
1973/1974 MF Luis Suárez
45%
2012/2013 MF Fredy Guarín
44%
2013/2014 MF Fredy Guarín
44%
2014/2015 MF Fredy Guarín
44%
1977/1978 ST Alessandro Altobelli
43%
1978/1979 ST Alessandro Altobelli
43%
1979/1980 ST Alessandro Altobelli
43%
1980/1981 ST Alessandro Altobelli
43%
1981/1982 ST Alessandro Altobelli
43%
1982/1983 ST Alessandro Altobelli
43%
1983/1984 ST Alessandro Altobelli
43%
1984/1985 ST Alessandro Altobelli
43%
1985/1986 ST Alessandro Altobelli
43%
1986/1987 ST Alessandro Altobelli
43%
1987/1988 ST Alessandro Altobelli
43%
2020/2021 MF Christian Eriksen
43%
2003/2004 ST Obafemi Martins
42%
2004/2005 ST Obafemi Martins
42%
2005/2006 ST Obafemi Martins
42%
2012/2013 ST Antonio Cassano
40%
1977/1978 DF Giuseppe Baresi
40%
1978/1979 DF Giuseppe Baresi
40%
1979/1980 DF Giuseppe Baresi
40%
1980/1981 DF Giuseppe Baresi
40%
1981/1982 DF Giuseppe Baresi
40%
1982/1983 DF Giuseppe Baresi
40%
1983/1984 DF Giuseppe Baresi
40%
1984/1985 DF Giuseppe Baresi
40%
1985/1986 DF Giuseppe Baresi
40%
1986/1987 DF Giuseppe Baresi
40%
1987/1988 DF Giuseppe Baresi
40%
2017/2018 MF Matías Vecino
40%
2018/2019 MF Matías Vecino
40%
2008/2009 MF Sulley Muntari
40%
2004/2005 MF Juan Sebastián Verón
39%
2005/2006 MF Juan Sebastián Verón
39%
2007/2008 DF Maxwell
39%
2008/2009 DF Maxwell
39%
2018/2019 MF Radja Nainggolan
39%
1995/1996 MF Roberto Carlos
39%
1996/1997 MF Youri Djorkaeff
39%
1997/1998 MF Youri Djorkaeff
39%
1998/1999 MF Youri Djorkaeff
39%
1993/1994 ST Dennis Bergkamp
38%
1994/1995 ST Dennis Bergkamp
38%
2016/2017 MF Geoffrey Kondogbia
38%
2015/2016 MF Geoffrey Kondogbia
38%
2011/2012 ST Giampaolo Pazzini
38%
2018/2019 DF Kwadwo Asamoah
38%
1997/1998 MF Diego Simeone
37%
1998/1999 MF Diego Simeone
37%
2018/2019 MF Matteo Politano
37%
1988/1989 MF Nicola Berti
37%
1989/1990 MF Nicola Berti
37%
1990/1991 MF Nicola Berti
37%
1991/1992 MF Nicola Berti
37%
1992/1993 MF Nicola Berti
37%
1994/1995 MF Nicola Berti
37%
2017/2018 MF Borja Valero
36%
2006/2007 DF Fabio Grosso
36%
2016/2017 MF João Mário
36%
1984/1985 ST Karl-H. Rummenigge
36%
1985/1986 ST Karl-H. Rummenigge
36%
1986/1987 ST Karl-H. Rummenigge
36%
2014/2015 DF Nemanja Vidić
36%
2015/2016 DF Jeison Murillo
35%
2016/2017 DF Jeison Murillo
35%
2017/2018 DF João Cancelo
35%
1973/1974 DF Tarcisio Burgnich
35%
1994/1995 DF Giovanni Bia
34%
2012/2013 DF Juan Jesus
34%
2013/2014 DF Juan Jesus
34%
2014/2015 DF Juan Jesus
34%
1974/1975 ST Roberto Boninsegna
34%
2014/2015 MF Gary Medel
33%
2015/2016 MF Gary Medel
33%
1999/2000 MF Luigi Di Biagio
33%
2000/2001 MF Luigi Di Biagio
33%
2001/2002 MF Luigi Di Biagio
33%
2002/2003 MF Luigi Di Biagio
33%
2007/2008 DF Nicolás Burdisso
33%
2013/2014 MF Ricky Álvarez
33%
1983/1984 ST Aldo Serena
32%
1987/1988 ST Aldo Serena
32%
1988/1989 ST Aldo Serena
32%
1989/1990 ST Aldo Serena
32%
1990/1991 ST Aldo Serena
32%
1973/1974 MF Jair
32%
1975/1976 MF Gabriele Oriali
31%
1976/1977 MF Gabriele Oriali
31%
1977/1978 MF Gabriele Oriali
31%
1978/1979 MF Gabriele Oriali
31%
1979/1980 MF Gabriele Oriali
31%
1980/1981 MF Gabriele Oriali
31%
1981/1982 MF Gabriele Oriali
31%
1982/1983 MF Gabriele Oriali
31%
1973/1974 MF Mario Corso
31%
2016/2017 ST Éder
30%
2002/2003 MF Emre Belözoğlu
30%
1999/2000 DF Laurent Blanc
30%
2000/2001 DF Laurent Blanc
30%
1997/1998 DF Taribo West
30%
1998/1999 DF Taribo West
30%
2011/2012 ST Diego Forlán
29%
2003/2004 DF Daniele Adani
28%
2008/2009 DF Davide Santon
28%
2002/2003 DF Francesco Coco
28%
2003/2004 MF Emre Belözoğlu
27%
1983/1984 DF Riccardo Ferri
27%
1984/1985 DF Riccardo Ferri
27%
1985/1986 DF Riccardo Ferri
27%
1986/1987 DF Riccardo Ferri
27%
1987/1988 DF Riccardo Ferri
27%
1988/1989 DF Riccardo Ferri
27%
1989/1990 DF Riccardo Ferri
27%
1990/1991 DF Riccardo Ferri
27%
1991/1992 DF Riccardo Ferri
27%
1992/1993 DF Riccardo Ferri
27%
2015/2016 ST Stevan Jovetić
27%
1973/1974 DF Armando Picchi
26%
1997/1998 MF Aron Winter
26%
1998/1999 MF Aron Winter
26%
2014/2015 MF Hernanes
26%
2013/2014 DF Jonathan
26%
1985/1986 MF Marco Tardelli
26%
2013/2014 DF Rolando
26%
1992/1993 ST Rubén Sosa
26%
1993/1994 ST Rubén Sosa
26%
1994/1995 ST Rubén Sosa
26%
2004/2005 MF Siniša Mihajlović
26%
1998/1999 MF Benoît Cauet
25%
1999/2000 MF Benoît Cauet
25%
1978/1979 MF Evaristo Beccalossi
25%
1979/1980 MF Evaristo Beccalossi
25%
1980/1981 MF Evaristo Beccalossi
25%
1981/1982 MF Evaristo Beccalossi
25%
1983/1984 MF Evaristo Beccalossi
25%
1988/1989 MF Alessandro Bianchi
24%
1989/1990 MF Alessandro Bianchi
24%
1990/1991 MF Alessandro Bianchi
24%
1974/1975 DF Angelo Domenghini
24%
1999/2000 DF Christian Panucci
24%
2015/2016 MF Felipe Melo
24%
2004/2005 DF Giuseppe Favalli
24%
2005/2006 DF Giuseppe Favalli
24%
1995/1996 MF Paul Ince
24%
1996/1997 MF Paul Ince
24%
2012/2013 DF Álvaro Pereira
23%
1998/1999 DF Francesco Colonnese
23%
2001/2002 ST Mohamed Kallon
23%
2006/2007 MF Olivier Dacourt
23%
1992/1993 ST Salvatore Schillaci
23%
2001/2002 DF Vratislav Greško
23%
1997/1998 MF Francesco Moriero
22%
2000/2001 ST Hakan Şükür
22%
2001/2002 MF Sérgio Conceição
22%
1993/1994 MF Wim Jonk
22%
1994/1995 MF Wim Jonk
22%
1998/1999 DF Fabio Galante
21%
1995/1996 ST Maurizio Ganz
21%
1996/1997 ST Maurizio Ganz
21%
1988/1989 ST Ramón Díaz
21%
2012/2013 MF Wálter Gargano
21%
2015/2016 DF Alex Telles
20%
1973/1974 DF Aristide Guarneri
20%
2001/2002 MF Cristiano Zanetti
20%
2003/2004 MF Cristiano Zanetti
20%
1982/1983 DF Fulvio Collovati
20%
1983/1984 DF Fulvio Collovati
20%
1984/1985 DF Fulvio Collovati
20%
1985/1986 DF Fulvio Collovati
20%
1995/1996 DF Salvatore Fresi
20%
1996/1997 DF Salvatore Fresi
20%
1984/1985 DF Andrea Mandorlini
19%
1985/1986 DF Andrea Mandorlini
19%
1986/1987 DF Andrea Mandorlini
19%
1987/1988 DF Andrea Mandorlini
19%
1988/1989 DF Andrea Mandorlini
19%
1989/1990 DF Andrea Mandorlini
19%
1990/1991 DF Antonio Paganin
19%
1993/1994 DF Antonio Paganin
19%
1994/1995 DF Antonio Paganin
19%
2016/2017 DF Cristian Ansaldi
19%
1976/1977 MF Giampiero Marini
19%
1977/1978 MF Giampiero Marini
19%
1978/1979 MF Giampiero Marini
19%
1979/1980 MF Giampiero Marini
19%
1980/1981 MF Giampiero Marini
19%
1981/1982 MF Giampiero Marini
19%
1982/1983 MF Giampiero Marini
19%
1984/1985 MF Giampiero Marini
19%
1995/1996 ST Marco Branca
19%
1995/1996 DF Massimo Paganin
19%
1996/1997 DF Massimo Paganin
19%
1999/2000 DF Dario Šimić
18%
2000/2001 DF Dario Šimić
18%
1974/1975 DF Gianfranco Bedin
18%
1982/1983 MF Hansi Müller
18%
1983/1984 MF Hansi Müller
18%
2003/2004 MF Kily González
18%
1991/1992 MF Davide Fontolan
17%
1992/1993 MF Davide Fontolan
17%
1993/1994 MF Davide Fontolan
17%
1976/1977 DF Graziano Bini
17%
1977/1978 DF Graziano Bini
17%
1978/1979 DF Graziano Bini
17%
1979/1980 DF Graziano Bini
17%
1980/1981 DF Graziano Bini
17%
1981/1982 DF Graziano Bini
17%
1982/1983 DF Graziano Bini
17%
2000/2001 MF Javier Farinós
17%
1974/1975 DF Joaquín Peiró
17%
1974/1975 MF Mario Bertini
17%
1975/1976 DF Mauro Bellugi
17%
1976/1977 ST Pietro Anastasi
17%
1977/1978 ST Pietro Anastasi
17%
1973/1974 ST Aurelio Milani
16%
1977/1978 ST Carlo Muraro
16%
1978/1979 ST Carlo Muraro
16%
1979/1980 ST Carlo Muraro
16%
1980/1981 ST Carlo Muraro
16%
1973/1974 MF Carlo Tagnin
16%
1986/1987 DF Daniel Passarella
16%
1987/1988 DF Daniel Passarella
16%
1986/1987 MF Gianfranco Matteoli
16%
1987/1988 MF Gianfranco Matteoli
16%
1988/1989 MF Gianfranco Matteoli
16%
1989/1990 MF Gianfranco Matteoli
16%
1999/2000 MF Grigoris Georgatos
16%
1990/1991 DF Sergio Battistini
16%
1991/1992 DF Sergio Battistini
16%
1992/1993 DF Sergio Battistini
16%
1993/1994 DF Sergio Battistini
16%
2000/2001 MF Vladimir Jugović
16%
1997/1998 MF Zé Elias
16%
1995/1996 DF Alessandro Pistone
15%
1996/1997 DF Alessandro Pistone
15%
1993/1994 MF Angelo Orlando
15%
1994/1995 MF Angelo Orlando
15%
1992/1993 MF Antonio Manicone
14%
1993/1994 MF Antonio Manicone
14%
1996/1997 MF Ciriaco Sforza
14%
2005/2006 MF David Pizarro
14%
1978/1979 MF Giancarlo Pasinato
14%
1979/1980 MF Giancarlo Pasinato
14%
1994/1995 DF Gianluca Festa
14%
1995/1996 DF Gianluca Festa
14%
1980/1981 MF Herbert Prohaska
14%
1981/1982 MF Herbert Prohaska
14%
1992/1993 MF Igor Shalimov
14%
1993/1994 MF Igor Shalimov
14%
1992/1993 DF Luigi De Agostini
14%
1994/1995 ST Marco Delvecchio
14%
1985/1986 MF Pietro Fanna
14%
1986/1987 MF Pietro Fanna
14%
1987/1988 MF Pietro Fanna
14%
1995/1996 ST Benito Carbone
13%
1987/1988 MF Enzo Scifo
13%
1982/1983 MF Juary
13%
1984/1985 MF Liam Brady
13%
1985/1986 MF Liam Brady
13%
1981/1982 MF Salvatore Bagni
13%
1982/1983 MF Salvatore Bagni
13%
1983/1984 MF Salvatore Bagni
13%
1979/1980 MF Domenico Caso
12%
1980/1981 MF Domenico Caso
12%
1996/1997 DF Jocelyn Angloma
12%
1997/1998 DF Luigi Sartor
12%
1977/1978 DF Nazzareno Canuti
12%
1978/1979 DF Nazzareno Canuti
12%
1979/1980 DF Nazzareno Canuti
12%
1980/1981 DF Nazzareno Canuti
12%
1991/1992 MF Stefano Desideri
12%
1983/1984 MF Antonio Sabato
11%
1984/1985 MF Antonio Sabato
11%
1975/1976 ST Horst Szymaniak
11%
1975/1976 DF Giuseppe Massa
11%
1975/1976 DF Mario Giubertoni
11%
1974/1975 DF Renato Cappellini
11%
1974/1975 MF Spartaco Landini
11%
1986/1987 MF Adriano Piraccini
10%
1977/1978 MF Alessandro Scanziani
10%
1978/1979 MF Alessandro Scanziani
10%
1976/1977 DF Angiolino Gasparini
10%
1977/1978 DF Angiolino Gasparini
10%
1991/1992 MF Dino Baggio
10%
1974/1975 MF Giancarlo Cella
10%
1976/1977 MF Giuseppe Pavone
10%
1975/1976 MF Nevio Scala
10%
1975/1976 DF Adriano Fedele
9%
1976/1977 DF Adriano Fedele
9%
1974/1975 ST Bernardino Fabbian
9%
1976/1977 MF Claudio Merlo
9%
1981/1982 DF Klaus Bachlechner
9%
1974/1975 MF Sergio Santarini
9%
1975/1976 MF Aldo Nicoli
8%
1975/1976 MF Giorgio Mariani
8%
No matching quizzes found
Score Distribution
Percent of People with Each Score
Percentile by Number Answered
Your Score History
You have not taken this quiz